Name A Two Colour Flag A-Z - Statistics

General Stats
  • This quiz has been taken 287 times
  • The average score is 16 of 19
Answer Stats
Letter Country % Correct
I Indonesia | Israel
96%
C Canada | China
95%
P Pakistan | Palau | Peru | Poland
95%
J Japan
94%
D Denmark
93%
F F. S. Micronesia | Finland
93%
S Saudi Arabia | Singapore | Somalia | Sweden | Switzerland
93%
Q Qatar
92%
A Afghanistan | Albania | Austria
90%
M Monaco | Morocco
89%
T Tonga | Tunisia | Turkey
86%
G Georgia | Greece
83%
H Honduras
82%
B Bahrain | Bangladesh
80%
V Vietnam
79%
U Ukraine
78%
K Kazakhstan | Kyrgyzstan
76%
L Latvia
76%
N Nigeria | North Macedonia
72%
No matching quizzes found
Score Distribution
Percent of People with Each Score
Percentile by Number Answered
Your Score History
You have not taken this quiz